| 000 | 00830nam a22001937a 4500 | ||
|---|---|---|---|
| 005 | 20120807104346.0 | ||
| 010 | _aB-477197 | ||
| 020 |
_a9788170493860 _c3995.00 |
||
| 035 | _aB-477197 | ||
| 037 |
_adpl _bK.K.Pub/Ven |
||
| 100 |
_aVardhan, Harsh _950881 |
||
| 245 |
_aDelhi, 100 years/ _cby Harsh Vardhan |
||
| 260 |
_aNew Delhi _bManas Publications _c2012 |
||
| 270 |
_a4402/5-A, Ansari Road, Darya Ganj,Opp.HDFC Bank, _bNew Delhi _e110002 (India) |
||
| 300 |
_a336p. _bill.col _c27cm(Hb) |
||
| 942 |
_2ddc _cEN _mVAR _h954.16 |
||
| 999 |
_c68925 _d68925 |
||